[Event "Syre Memorial op 33th"]
[Site "Issy les Moulineaux"]
[Date "2010.05.16"]
[Round "5"]
[White "Celerier, Eric"]
[Black "Veron, Cyprien"]
[Result "1/2-1/2"]
[WhiteElo "1739"]
[BlackElo "2087"]
[PlyCount "49"]
[EventDate "2010.05.13"]
[EventType "swiss"]
[EventRounds "6"]
[EventCountry "FRA"]
[SourceTitle "EXT 2011"]
[Source "ChessBase"]
[SourceDate "2010.11.26"]
[SourceVersion "1"]
[SourceVersionDate "2010.11.26"]
[SourceQuality "1"]

1. e4 e5 2. Nf3 Nc6 3. Bb5 Nf6 4. 0-0 Nxe4 5. d4 Nd6 6. Bxc6 dxc6 7. dxe5 Nf5 8. Qxd8+ Kxd8 9. Nc3 Ne7 10. Bg5 h6 11. Bh4 g5 12. Bg3 Nf5 13. Ne4 Nxg3 14. Nxg3 Bg4 15. Nd4 h5 16. h3 Be6 17. Nxe6+ fxe6 18. Rfe1 Ke7 19. Rad1 Rd8 20. Rxd8 Kxd8 21. Ne4 Be7 22. g4 h4 23. Kg2 Kc8 24. Rd1 Rf8 25. f3 1/2-1/2